000 00212nam a2200085Ia 4500
008 170620s9999 xx 000 0 und d
100 _aKleiser- Grenvillie
245 0 _aCommon Mistakes in English
260 _bNew Delhi- A.P.H
260 _c2011
999 _c25728
_d25728